000 00537nam a2200205Ia 4500
005 20250923144729.0
008 008 250917s9999 xx 000 0 eng d
037 _aTextual
040 _aDSWL
_beng
_cDSWL
041 _aeng
_2eng
084 _qDSWL
100 _aToulmin, S.E.
_9827831
245 0 _aUses of argument
_cby S.E. Toulmin
260 _aCambridge
_bCambridge University Press
_c1958
300 _avi,264p.
365 _aINR
_b22 .6.
925 _g22 .6.
942 _cTEXL
999 _c1442622
_d1442622